书目信息 |
| 题名: |
立体派
|
|
| 作者: | 王端廷 编著 | |
| 分册: | ||
| 出版信息: | 北京 人民美术出版社 2000.08 |
|
| 页数: | 170页 | |
| 开本: | 21cm | |
| 丛书名: | 西方现代艺术流派书系 | |
| 单 册: | ||
| 中图分类: | J209.9 | |
| 科图分类: | ||
| 主题词: | 立体派绘画--西方国家 | |
| 电子资源: | ||
| ISBN: | 7-102-02169-0 | |
| 000 | 00882oam2 2200253 45 | |
| 001 | 012001000000 | |
| 005 | 20041010110056.20 | |
| 010 | @a7-102-02169-0@dCNY 41.00 | |
| 100 | @a20010611d2000 em y0chiy0120 ea | |
| 101 | 0 | @achi |
| 102 | @aCN@b110000 | |
| 105 | @aa z 000yy | |
| 200 | 1 | @a立体派@ALi Ti Pai@dCubism@f王端廷编著@FWang Duan Ting Bian Zhu@zeng |
| 210 | @a北京@c人民美术出版社@d2000.08 | |
| 215 | @a170页@c图@d21cm | |
| 225 | 2 | @a西方现代艺术流派书系@f翟墨, 王端廷主编 |
| 314 | @a王端廷(1961-),湖北蕲春人。1998年作为国家公派访问学者留学于法国巴黎第一大学艺术史与考古学研究院,博士肄业。现为中国艺术研究院美术研究所研究员。 | |
| 410 | 0 | @12001 @a西方现代艺术流派书系 |
| 510 | 1 | @aCubism@zeng |
| 606 | 0 | @a立体派绘画@y西方国家 |
| 690 | @aJ209.9@v4 | |
| 701 | 0 | @a王端廷@AWang Duan Ting@4编著 |
| 801 | 0 | @aCN@bCEPC@c20041010 |
| 905 | @a10447@dJ209.9@eW150 | |
| 立体派=Cubism/王端廷编著.-北京:人民美术出版社,2000.08 |
| 170页:图;21cm.-(西方现代艺术流派书系/翟墨, 王端廷主编) |
| ISBN 7-102-02169-0:CNY 41.00 |
| ● |
| 相关链接 |
|
|
|
正题名:立体派
索取号:J209.9/W150
 
预约/预借
| 序号 | 登录号 | 条形码 | 馆藏地/架位号 | 状态 | 备注 |
| 1 | 398736 | 203987365 | 艺术设计学院资料室/ [索取号:J209.9/W150] | 在馆 |